TEORIA Y PROBLEMAS DE ANALISIS VECTORIAL Y UNA INTRODUCCION AL ANALISIS TENSORIAL (Record no. 2205)

MARC details
000 -LEADER
campo de control de longitud fija 01189nam a22002177a 4500
001 - NÚMERO DE CONTROL
campo de control 8732
005 - FECHA Y HORA DE LA ÚLTIMA TRANSACCIÓN
campo de control 20250602012219.0
008 - DATOS DE LONGITUD FIJA--INFORMACIÓN GENERAL
campo de control de longitud fija 5230201980 mx a
020 ## - NÚMERO INTERNACIONAL ESTÁNDAR DEL LIBRO
Número Internacional Estándar del Libro 0-07-091870
082 ## - NÚMERO DE LA CLASIFICACIÓN DECIMAL DEWEY
Número de clasificación 515.63
Número de ítem Sp43t
100 ## - ENTRADA PRINCIPAL--NOMBRE DE PERSONA
Nombre de persona SPIEGEL MURRAY R
245 ## - MENCIÓN DEL TÍTULO
Título TEORIA Y PROBLEMAS DE ANALISIS VECTORIAL Y UNA INTRODUCCION AL ANALISIS TENSORIAL
Mención de responsabilidad, etc. Murray R. Spiegel ; traducción y adaptación Luis Gutiérrez Díez.
250 ## - MENCION DE EDICION
Mención de edición 1a. ed.
260 ## - PUBLICACIÓN, DISTRIBUCIÓN, ETC.
Lugar de publicación, distribución, etc. México :
Nombre del editor, distribuidor, etc. LIBROS MCGRAW HILL
300 ## - DESCRIPCIÓN FÍSICA
Extensión 222 p. : il / 26 cm
Otros detalles físicos il.
490 ## - MENCIÓN DE SERIE
Mención de serie SERIE DE COMPENDIOS SCHAUM
500 ## - NOTA GENERAL
Nota general Tradicido de la primera edición en inglés de VECTOR ANLYSOS.
505 ## - NOTA DE CONTENIDO CON FORMATO
Nota de contenido con formato 1. vectores y escalares ...... 1 2. Productos escalares y vectorial ..... 16 3. Diferenciación vectorial .... 35 4. Operaciones diferenciales: gradiente, divergencia y rotacional ..... 57 5. Integración vectorial ..... 82 6. Operaciones integrales: teorema de la divergencia teorema del rotacional y otros teoremas integrales ..... 106 7. Coordenadas curvilineas ..... 135 8. Análisis tensorial ..... 166 Índice ..... 218
650 ## - PUNTO DE ACCESO ADICIONAL DE MATERIA--TÉRMINO DE MATERIA
Término de materia o nombre geográfico como elemento de entrada 1 ANALISIS VECTORIAL 2 CALCULO DE TENSORES
700 ## - ENTRADA AGREGADA--NOMBRE PERSONAL
Nombre de persona I GUTIERREZ DIEZ LUIS TR
Holdings
Estatus retirado Estado de pérdida Estado de daño No para préstamo Colección Biblioteca de origen Biblioteca actual Fecha de adquisición Total de préstamos Signatura topográfica completa Código de barras Fecha de vencimiento Visto por última vez Fecha del último préstamo Copia número Precio de reemplazo Tipo de ítem Koha
        Acervo general de Libros Biblioteca Central Mons. Favio M. Rivas S. Biblioteca Central Mons. Favio M. Rivas S. 11/11/2014 2 515.63 000000003001 08/06/2026 25/05/2026 25/05/2026 1 23/05/2025 Libros